| 000 | 00494nam a2200193Ia 4500 | ||
|---|---|---|---|
| 005 | 20240823023459.0 | ||
| 008 | 240823s9999||||xx |||||||||||||| ||und|| | ||
| 020 | _a978-81-317-1474-4 | ||
| 041 | _aENGLISH | ||
| 082 | _A005.73 P9 | ||
| 100 | _a"Weiss,Mark Allen" | ||
| 245 | 0 | _aData structures and Algorithm Analysis in C++ | |
| 250 | _aIIIrd | ||
| 260 |
_c2009 _b"Pearson," |
||
| 500 | _aYES | ||
| 650 |
_aAlgorithm Analysis in C++ _bComputer Science |
||
| 942 | _cBK | ||
| 999 |
_c181644 _d181644 |
||